000 00783nam a22002417a 4500
999 _c8429
_d8429
003 AR-CdUCM
008 190325b ||||| |||| 00| 0 spa d
020 _a9780990944508
040 _aMUNICIPALIDAD PROVINCIAL DEL CUSCO
_cBIBLIOTECA MUNICIPAL DEL CUSCO
082 _a869.964 /
_bP26C
100 _aParera, Isabel
_923656
245 _aCinco años y un día /
260 _a[s.l] :
_bIsabel Perera,
_c2015.
300 _a168 páginas ;
_bfotografías ;
_c22 cm.
650 _aNarrativa cubana -- Siglo XX
_919087
650 _aLiteratura - Cuba
_923657
650 _aAutoras cubanas
_923658
650 _aPolítica en la literatura
_923659
650 _aDictadura - América latina
_923660
650 _aNovelas históricas
_99696
942 _2ddc
_cLIBROS
945 _alccs